| Tag |
First Indicator |
Second Indicator |
Subfields |
| LEADER |
00000pam a2200000 a 4500 |
| 001 |
in00000080198 |
| 005 |
20151008060853.0 |
| 008 |
810415s1982 nyua b 00110 eng |
| 010 |
|
|
|a 81002990
|
| 020 |
|
|
|a 0471036323
|
| 035 |
|
|
|a (OCoLC)07463417
|
| 035 |
|
|
|9 AAJ6773AM
|
| 039 |
0 |
|
|a 2
|b 3
|c 3
|d 3
|e 3
|
| 040 |
|
|
|a DLC
|c DLC
|d TXA
|d UtOrBLW
|
| 049 |
|
|
|a TXAM
|c [1442939]
|
| 050 |
0 |
0 |
|a QA402.5
|b .K327 1982
|
| 082 |
0 |
|
|a 519.7
|2 19
|
| 100 |
1 |
|
|a Kaplan, Edward L.
|q (Edward Lynn),
|d 1920-2006.
|
| 245 |
1 |
0 |
|a Mathematical programming and games /
|c Edward L. Kaplan.
|
| 264 |
|
1 |
|a New York :
|b Wiley,
|c [1982]
|
| 264 |
|
4 |
|c ©1982
|
| 300 |
|
|
|a xx, 588 pages :
|b illustrations ;
|c 24 cm.
|
| 336 |
|
|
|a text
|b txt
|2 rdacontent
|
| 337 |
|
|
|a unmediated
|b n
|2 rdamedia
|
| 338 |
|
|
|a volume
|b nc
|2 rdacarrier
|
| 500 |
|
|
|a Includes indexes.
|
| 504 |
|
|
|a Bibliography: pages 560-574.
|
| 650 |
|
0 |
|a Programming (Mathematics)
|
| 650 |
|
0 |
|a Game theory.
|
| 999 |
|
|
|a MARS
|
| 999 |
f |
f |
|s 9f3d73bd-a441-3aac-8687-6a0eecc09ab1
|i 6c6897a8-058c-36c7-a97b-5eb5510c2ae9
|t 0
|
| 952 |
f |
f |
|p normal
|a Texas A&M University
|b Galveston Campus
|c Jack K. Williams Library
|d Galveston Stacks
|t 0
|e QA402.5 .K32 1982
|h Library of Congress classification
|i unmediated -- volume
|m 33620000377750
|
| 952 |
f |
f |
|p ric
|a Texas A&M University
|b Rellis Campus
|c Joint Library Facility
|d Remote Storage
|t 0
|e QA402.5 .K327 1982
|h Library of Congress classification
|i unmediated -- volume
|m A14806205558
|
| 998 |
f |
f |
|a QA402.5 .K32 1982
|t 0
|l Galveston Stacks
|
| 998 |
f |
f |
|a QA402.5 .K327 1982
|t 0
|l Remote Storage
|